NCT 127 all songs(July 2024 update) - Statistics

General Stats
  • This quiz has been taken 870 times
    718 since last reset
  • The average score is 63 of 129
Answer Stats
Hint Answer % Correct
Sticker Sticker
98%
NCT #127 CHERRY BOMB Cherry Bomb
96%
Fact Check Fact Check
96%
Favorite Favorite(Vampire)
95%
WALK Walk
95%
2 Baddies 2 Baddies
94%
Ay-Yo Ay-Yo
94%
NCT #127 Regular-Irregular Regular
94%
NCT #127 LIMITLESS Limitless
93%
NCT #127 WE ARE SUPERHUMAN Superhuman
91%
NCT #127 Fire Truck
90%
Chain Chain
89%
NCT #127 Neo Zone Kick It
89%
Sticker Lemonade
79%
Be There For Me Be There For Me
78%
NCT #127 Neo Zone :The Final Round Punch
77%
NCT #127 CHERRY BOMB Whiplash
72%
NCT #127 Regulate Simon Says
71%
Favorite Love On The Floor
70%
NCT 2018 EMPATHY Touch
69%
LOVEHOLIC gimme gimme
68%
NCT #127 LIMITLESS Angel
67%
WALK Gas
66%
NCT #127 CHERRY BOMB Summer 127
65%
NCT #127 WE ARE SUPERHUMAN Highway to Heaven
64%
NCT #127 LIMITLESS Back 2 U (AM 01:27)
63%
2 Baddies Faster
63%
Collab single(with Jason Derulo, Lay Zhang) Let’s shut up & dance
63%
NCT #127 Neo Zone Mad dog
62%
NCT #127 Neo Zone Elevator(127F)
61%
NCT #127 LIMITLESS Baby Don't Like It
60%
NCT #127 Neo Zone Love Song
60%
Sticker Breakfast
59%
Awaken Lips
58%
NCT #127 Mad City
58%
NCT #127 CHERRY BOMB 0 Mile
57%
Awaken Wakey-Wakey
56%
Ay-Yo Skyscraper
55%
2 Baddies Designer
54%
Ay-Yo DJ
54%
Fact Check Parade
54%
Collab single(with Ava Max) So Am I
54%
2 Baddies 1, 2, 7 (Time Stops)
53%
Sticker Magic Carpet Ride
52%
WALK Orange Seoul
52%
NCT #127 CHERRY BOMB Sun & Moon
51%
Sticker Bring The Noize
50%
Sticker Focus
50%
NCT #127 Neo Zone Sit Down!
50%
LOVEHOLIC Lipstick
49%
WALK Pricey
49%
WALK Rain drop
49%
NCT #127 Regulate Welcome To My Playground
49%
Fact Check Angel Eyes
48%
2 Baddies Gold Dust
48%
Collab single( with Amoeba Culture) Save
48%
2 Baddies Time Lapse
48%
NCT #127 Neo Zone Boom
46%
NCT #127 Neo Zone Pandora's Box
46%
NCT #127 WE ARE SUPERHUMAN Jet Lag
45%
Favorite Pilot
45%
Fact Check Je Ne Sais Quoi
44%
Fact Check Misty
44%
NCT #127 Regular-Irregular No Longer
44%
Fact Check Space
44%
NCT #127 Neo Zone White Night
44%
NCT #127 WE ARE SUPERHUMAN Fool
43%
2 Baddies Black Clouds
42%
NCT #127 Neo Zone Dreams Come True
42%
NCT #127 Neo Zone Love Me Now
42%
NCT #127 Neo Zone :The Final Round NonStop
42%
NCT #127 Paradise
42%
2 Baddies Vitamin
42%
Fact Check Yach
42%
Awaken Kitchen Beat
41%
NCT #127 Regular-Irregular My Van
41%
WALK Meaning of Love
40%
NCT #127 CHERRY BOMB Running 2 U
40%
NCT #127 Regular-Irregular City 127
39%
Chain | NCT #127 Regular-Irregular Come Back
39%
Universe Earthquake
39%
NCT RESONANCE Pt. 1 Music, Dance
39%
Sticker Road Trip
39%
WALK Can’t Help Myself
38%
Sticker The Rainy Night
38%
Sticker Far
38%
Be There For Me Home Alone
38%
2 Baddies LOL (Laugh-Out-Loud)
38%
WALK No Clue
38%
NCT #127 LIMITLESS Heartbreaker
37%
Fact Check Love is a beauty
37%
NCT #127 Regular-Irregular Replay (PM 01:27)
37%
WALK Suddenly
37%
NCT #127 Switch (Ft. SR15B)
36%
NCT #127 LIMITLESS Good Thing
35%
NCT #127 Regular-Irregular Knock on
35%
NCT #127 WE ARE SUPERHUMAN Paper Plane
35%
2 Baddies Tasty
35%
LOVEHOLIC Chica Bom Bom
34%
Sticker Promise You
34%
NCT #127 Neo Zone Not Alone
34%
NCT #127 Neo Zone Day Dream
33%
Pre-release(LOVEHOLIC) First Love
33%
NCT #127 Regular-Irregular Fly Away With Me
33%
WALK Time Capsule
33%
NCT #127 Another World
32%
2 Baddies Crash Landing
32%
Sticker Dreamer
32%
NCT #127 Once Again
31%
NCT #127 Wake Up
31%
2nd Japanese digital single Colors
30%
Be There For Me White Lie
30%
Chain 100
29%
NCT #127 Regular-Irregular Run Back 2 U
29%
Fact Check Real Life
28%
2 Baddies Playback
27%
Analog Trip NCT 127 OST Amino Acid
25%
Chain Dreaming
24%
Awaken End To Start
24%
NCT #127 Neo Zone :The Final Round Make Your Day
24%
Awaken Long Slow Distance
22%
LOVEHOLIC Right Now
22%
Japanese digital single Sunny Road
22%
Awaken Blow My Mind
19%
SM STATIONNCT 127 X CocaCola Taste The Feeling
17%
Kartrider X Line Friends OST Freeze
15%
NCT #127 Regular-Irregular Interlude: Regular to Irregular
14%
Up Next Session: NCT 127(ft. Marteen) What We Talkin' Bout
12%
No matching quizzes found
Score Distribution
Percent of People with Each Score
Percentile by Number Answered
Your Score History
You have not taken this quiz since the last reset